Регионална библиотека "Любен Каравелов" - Русе

Траперите "Детелиновия лист" (Запис номер 3435)

MARC детайли
000 -Лидер
Контролно поле с фиксирана дължина 01332nam a2200349 a 4500
003 - Код на организацията, давaща контролен номер
Контролно поле BLK
005 - Дата и час на последна редакция
Контролно поле 20231122084255.0
008 - Елементи от данни с фиксирана дължина
fixed length control field 180412b bul|||||r ||||||| ||bul||
010 ## - Наследен системен номер
LC control number KNG00004522000
020 ## - Международен стандартен номер на книга ISBN
Международен стандартен номер на книга ISBN 954-434-023-8
040 ## - Източник на каталожния запис
Идентификатор на билиотеката - собственик на записа BLK
041 ## - Код за език
Код за езика на текст/звукозапис или на отделно заглавие Български
Код за езика КДБФ Български
080 ## - УДК
Текстов определител УДК Немска литература
УДК код - определител по УДК 821.112.2
УДК определител -93-31
УДК - код + определител 821.112.2-93-31
100 1# - Редна дума - Автор
Автор Май, Карл
Авторска отговорност първи автор
R(LIN) 241916
139 ## - Редно поле
Редна дума Май, Карл
Авторски знак Маи - М 16
245 10 - Сведения за заглавието
Заглавие Траперите "Детелиновия лист"
Подзаглавни данни Роман за юноши : В 3 ч.
Редно поле (дума) Карл Май; прев. Любомир Спасов.
Том Ч. 1
Заглавие на том Дервишът
257 ## - Страна на издаване
Страна на създаване/издаване Германия
260 ## - Област на издателските данни
Място на издаване, разпространение и проч. Пловдив
Име на издателя, разпространителя и проч. Калем-90
Година на издаване 1994 -
9 (RLIN) 209660
Издателство - префикс ISBN 954-434-
300 ## - Физическа характеристика
Страници 367 с.
Размери/Мащаб 20 см
380 ## - Жанр
Жанр Детска худож. лит.
500 ## - Общи забележки
Забележка Офс. изд.
653 ## - Ключова дума – ненормативна
Ключова дума романи
700 1# - Други автори (авторска отговорност)
Лично име Спасов, Любомир
Автороска отговорност (Описва отношението между автора и произведението) прев.
9 (RLIN) 363570
760 1# - Описание на основната серия
Редна дума на основното описание Май, Карл
Място на издаване, издател и година Калем-90, 1994
Страници - том 367 с.
Забележка - том Ориг. загл. Der Derwisch / Karl May. - 7 000 тир.
Заглавие Ч. 1 Дервишът
852 ## - Местоположение
Форматна сигнатура Цб 176535
Фондова буква Хранилище
856 4# - Електронен адрес и достъп
Електронен формат pdf - файл
Път до файла /url/
856 4# - Електронен адрес и достъп
Електронен формат pdf - файл
Път до файла /url/
942 ## - АРТИКУЛИ
Вид на библиотечния материал Книги
Скрит в OPAC Не
Koha issues (borrowed), all copies 1
944 ## - СЪЗДАВАНЕ И РЕДАКЦИЯ на ЗАПИСА
Създаване/Редакция Създаване
Дата на регистрацията/редакция 15.01.2003
Статус, дата на статуса Мира Стойчева
Служител, извършил регистрацията/редакцията 30532
944 ## - СЪЗДАВАНЕ И РЕДАКЦИЯ на ЗАПИСА
Създаване/Редакция Редакция
Дата на регистрацията/редакция 30.09.2016
Статус, дата на статуса ф /
Служител, извършил регистрацията/редакцията Виолета_Тройчева
999 ## - СИСТЕМНИ КОНТРОЛНИ НОМЕРА
Koha biblionumber 3435
Koha biblioitemnumber 3435
999 ## - СИСТЕМНИ КОНТРОЛНИ НОМЕРА
Koha biblioitemnumber 3435
Наличности
Код за отписване Код за изгубен артикул Източник на класификационната схема Код за повреда Коз за рестрикции Код за отдаване Артикулен № Име на библиотеката - собственик Име на библиотеката, в която се намира в момента Статус (Текущо местоположение) Дата на вписване в системата Местоположение - отдел Цена в лева Инвентарен номер Систематично азбучна сигнатура Баркод Номер на екземпляра Цена в евро Служебна бележка Служебен тип на артикула
  Не е изгубен Universal Decimal Classification Не е повреден без рестрикции ползва се в читалня 6183 Регионална библиотека "Любен Каравелов" Русе Регионална библиотека "Любен Каравелов" Русе Хранилище 1994-01-01 Хранилище 1.00 603541 Цб 176535 120000603541 1 0.51 Дост: Dp Вид: Д N: стар фонд Дата: 01.01.1994 Книги
  Не е изгубен Universal Decimal Classification Не е повреден без рестрикции заемане за дома 6184 Регионална библиотека "Любен Каравелов" Русе Регионална библиотека "Любен Каравелов" Русе Детски отдел 2010-04-20 Детски отдел 0.00 120000803586 ДХ 820/899/М 16 120000803586 2 0.00 Дост: Pk Вид: Ф N: стар фонд Дата: 01.01.1994 Книги
  Не е изгубен Universal Decimal Classification Не е повреден без рестрикции заемане за дома 6185 Регионална библиотека "Любен Каравелов" Русе Регионална библиотека "Любен Каравелов" Русе Детски отдел 2010-04-20 Детски отдел 0.00 120000803587 ДХ 820/899/М 16 120000803587 3 0.00 Дост: Pk Вид: Ф N: стар фонд Дата: 01.01.1994 Книги
Vip Innovations Ltd, Rousse, Bulgaria 2025